000 00319nam a22001337a 4500
008 221031b ||||| |||| 00| 0 eng d
020 _a9781680361063
041 _aeng
080 _2SECOND EDITION
_a573
100 _a573 BRI
101 _aBIO
245 _aCELLULAR AND MOLECULAR BIOLOGY
_cBRIGGS L
942 _2udc
_cBK
999 _c58699
_d58699